000 00435nam a22001577a 4500
003 MPLRDC
005 20220104170506.0
008 210129b ||||| |||| 00| 0 eng d
082 _a050.1 RD v.12 1998
100 _aPETER DOCKRILL
245 _aREADER'S DIGEST. DECEMBER 1998
_c
260 _a
_bREADER'S DIGEST INC.
_c1998
300 _b
650 _a连续性出版品; 期刊--READER'S DIGEST
942 _cBK
_o050.1 RD v.12 1998
999 _c57973
_d57963